Odpad, voda a pár potápačov Nielen o festivale v Tatrách

Bibliographic Details
Main Author: Válek, Igor, 1967- (Author)
Format: Article
Language:Slovak
PhysicalDescription:Fotogr. 1
ISSN:0862-8823
Subjects:

MARC

LEADER 00000nab a2200000 a 4500
001 vtls000564894
003 SK-MaSNL
005 20260304021424.0
008 150501c xo 0 slo
015 |a SNBRB19rr/mm-uuuuu 
035 |a CL0565032 
040 |a SNKBUCL  |b slo  |c SNKBUCL  |e AACR2 
041 0 |a slo 
044 |a xo  |c SK 
080 |a 791.43.091.4:791.43.05:797.215  |2 1981 
080 |a 791.43.05  |2 1981 
080 |a 797.215  |2 1981 
100 1 |a Válek, Igor,  |d 1967-  |4 aut  |9 97609 
245 1 0 |a Odpad, voda a pár potápačov  |b Nielen o festivale v Tatrách  |c Igor Válek 
300 |b Fotogr. 1 
650 0 7 |a Hippocampus festival 1995, Štrbské Pleso  |2 snkbucl  |9 1299353 
655 7 |a články z novín a časopisov  |2 snkbucl  |9 267496 
773 0 |t Slovenské národné noviny  |g Roč. 6 (10), č. 42 (1995), s. 6  |x 0862-8823 
850 |a Slovenská národná knižnica v Martine  |a MTA001 
852 |a SNK  |b KIS3GCP 
958 |a RK 
958 |a SK 
992 |a RBX 
999 |c 2605821  |d 2607751